000 00530nam a22001817a 4500
005 20241120104508.0
008 241120b |||||||| |||| 00| 0 eng d
020 _a9780409121971
041 _aEnglish
082 _a346.6 SON
100 _lEnglish
245 _aUnjustified Enrichment in South African Law /
_cJC Sonnekus
250 _aFirst Edition
260 _aDurban:
_bLexisNexis (Pty) Ltd,
_c2008
300 _bx, 637 pages;
_c25 cm.
650 _aLegal practice
_bLaw
942 _cBK
_6ALISON_BN_VRIES
999 _c3248
_d3248